Quizzes
Events
Quiz Creation
Community
Videos
Private Events
Remove Ads
Sign In
Join for FREE
Feedback
Dark Mode
Quiz Categories
Sports
Geography
Music
Movies
Television
Just For Fun
Miscellaneous
History
Literature
Language
Science
Gaming
Entertainment
Religion
Holiday
For Kids
Quiz Lab
Recent
Popular Today
Quiz Kudos Today
Editor Picks
Curator Picks
Quizzes by...
Day
Popularity
Type
Ratings
Length
Year
Community
Subscriptions
Recent Discussions
Orange Saloon
Badges
Playlists
Quests
Create
Leaderboards
Showdown
Live 5
Trivia Bingo
Activity
Puzzle Library
Sporcle Events
Private Events
Virtual Trivia
Globe League
Become a Host
Pub Owners
SporcleCon
Opinionation
Our Games
Videos
Blog
Mobile Apps
Partnerships
Remove Ads and Go Orange
Feedback
Geography
Country
Landmarks
City
State
Population
World
Capital
Continent
Flags
Europe
Africa
Asia
South America
North America
Oceania
Border
Canada
United Kingdom
Topography
United States
Geography
Country
Landmarks
City
State
Population
World
Capital
Continent
Flags
Europe
Africa
Asia
South America
North America
Oceania
Border
Canada
United Kingdom
Topography
United States
Random Quiz
Search Sporcle
×
Quiz Lab
Quiz Lab
Geography
State
Type in answers that appear in a list
Type in answers that appear in a list
Classic
Best Score? Go Orange.
Smallest US Counties Stats
Can you name the Smallest US County by size per state
By
wiskben
10m
50 Questions
89 Plays
89 Plays
89 Plays
Comments
Comments
Give Quiz Kudos
Give Quiz Kudos
-
- Ratings
hide this ad
More Info
Replay
Link that replays current quiz
Next Quiz
Link to next quiz in quiz playlist
You Got
0%
They Got
Avg Score
43%
Avg Friend Score
Upgrade to see
Score Distribution
Jump to the score distribution portion of the page
Score
0/50
Timer
10:00
0
Plays Today
State
County
% Correct
California
San Francisco
80.9%
New York
New York
80.9%
Missouri*
City of St. Louis
71.9%
Maryland*
City of Baltimore
70.8%
Nevada*
Carson City
68.5%
Delaware
New Castle
67.4%
Massachusetts
Nantucket
64%
New Jersey
Hudson
60.7%
Arizona
Santa Cruz
59.6%
Rhode Island
Bristol
58.4%
Connecticut
Middlesex
55.1%
Louisiana*
Orleans Parrish
55.1%
Hawaii
Kalawao
53.9%
Colorado
Broomfield
52.8%
Florida
Union
52.8%
Indiana
Ohio
52.8%
Ohio
Lake
52.8%
New Mexico
Los Alamos
51.7%
Oregon
Multnomah
49.4%
Minnesota
Ramsey
48.3%
Virginia*
City of Falls Church
48.3%
Washington
San Juan
48.3%
Alaska*
Skagway Municipality
46.1%
Kansas
Wyandotte
46.1%
Vermont
Grand Isle
43.8%
State
County
% Correct
Texas
Rockwall
42.7%
Maine
Sagadahoc
40.4%
Nebraska
Sarpy
38.2%
Pennsylvania
Montour
38.2%
Utah
Davis
37.1%
West Virginia
Hancock
37.1%
Montana
Silver Bow
36%
South Dakota
Clay
36%
Georgia
Clarke
34.8%
Illinois
Putnam
34.8%
Idaho
Payette
31.5%
Arkansas
Lafayette
30.3%
Wyoming
Hot Springs
30.3%
Wisconsin
Pepin
29.2%
Kentucky
Robertson
27%
Michigan
Benzie
27%
Oklahoma
Marshall
27%
Alabama
Etowah
25.8%
South Carolina
McCormick
24.7%
Mississippi
Alcorn
23.6%
North Carolina
Chowan
21.3%
Tennessee
Trousdale
21.3%
Iowa
Dickinson
19.1%
New Hampshire
Strattford
15.7%
North Dakota
Eddy
15.7%
Quiz Playlist
Details
Report
Send in Message
Add To Playlist
More Info:
*Asterisk indicates something other than a County i.e. City, Municipality, or Parrish.
Classic:
Type in answers that appear in a list
Quiz Source
Last Updated: Feb 16, 2017
Quiz Scoreboard
CHALLENGE
Sign Up to Join the Scoreboard
Show All
Scores
Hide
Comments
May contain spoilers
Recently Published
1-10 Letter E Words III
by El_Dandy
Language
2m
One Thing in Common: World Cities II
by knightlancer
Geography
7m
Popular People in 1961
by mucciniale
History
6m
More to Explore
Quiz From the Vault
Featured Blog Post
Where Did the Easter Bunny Come From?
hide this ad
You Might Also Like...
Tags
State Quiz
County
Size
smallest
US County
Today's Top Quizzes in Geography
Browse Geography
hide this ad
Today's Top Quizzes in State
Browse State
Top Contributed Quizzes in Geography
1
Countries of the World - No Outlines Minefield
2
Top 25 Cities of France on a map
3
African Flag Reveal XLV
4
Closest Countries to UK A-Z
5
Blind Secret Country CLXXXVIII
6
Find the US States - No Outlines
7
One Thing in Common: Asia
8
One Thing in Common: United Kingdom
9
One Thing in Common: Geography
10
One Thing in Common: Around the World
Explore More
Trending Topics
Anime
Marvel
Crossword
Harry Potter
Kpop
NBA
Disney
Soccer
Puzzle
Song
WWE
NFL
Country
The Office
Pokémon
hide this ad
More By:
wiskben
Quiz
Plays
Rating
Category
Featured
Created
October Independence Day
1,052
4.13
Geography
Sep 17, 2015
December Independence Day
607
4.43
Geography
Sep 18, 2015
Columbus Ohio Metro Area
142
Geography
Oct 27, 2014
'B' Last Names
105
5.00
Miscellaneous
Oct 26, 2016
Smallest US Counties
89
5.00
Geography
Oct 27, 2014
Go to Creator's Profile
Score Distribution
Quiz Creator Spotlight
wiskben
Follow
Send a Message
Quizzes Created
-
Created Quiz Play Count
-
More By This Creator
Popular Quizzes Today
1
Find the US States - No Outlines Minefield
2
The Countries of the World
3
Find the Countries of Europe - No Outlines Minefield
4
Popular People in 1961
5
1-10 Letter E Words III
6
Find the US States
7
One Thing in Common: World Cities II
8
US States
More Geography Quizzes
Hidden Country VI
Quiz Lab
Trending Quizzes
Risky Map Clicking: Least Populous States A-Z
1-10 Letter F Words
1-10 Letter G Words
One Thing in Common: United Kingdom
Risky Map Clicking: Next State Alphabetically
Recently Updated
Leaping Animals
pecheneg
Reality TV Shows (A-Z)
bhenderson79
Rickey Henderson's Hall of Fame Teammates
pecheneg
Champions League XIs: Arsenal
pecheneg
Quick Pick: Celebrities in WWE's Hall of Fame
aduchscher
A-Z Keypad Blitz II
pecheneg
Multiple Oscar Actors
pecheneg
Mystery Phrase Blitz: Oscar 'Best Actors'
pecheneg
F. Scott Fitzgerald Novels
LTH
Pick 3 Villains
ddd62291
Trending Topics
Anime
Crossword
NBA
Harry Potter
Marvel
Disney
Kpop
Pokémon
NFL
Puzzle
WWE
Country
The Office
Song
Soccer
Your Account Isn't Verified!
In order to create a playlist on Sporcle, you need to verify the email address you used during registration. Go to your
Sporcle Settings
to finish the process.
Report this User
Report this user for behavior that violates our
Community Guidelines
.
Details:
Send Report
Go to the Sporcle.com Mobile Site →
Comments